000 00517nam a22001697a 4500
005 20251108175204.0
008 250721s2007 xx 000 0 ara d
082 1 4 _a780/حيا
100 1 _aقريعة، محمد الأسعد
_eمشرف
245 1 0 _aالحياة الثقافية عدد خاص بالموسيقى التونسية /
264 1 _aتونس :
_bوزارة الثقافة،
_c2007.
300 _a230ص.
650 1 7 _aالموسيقى
650 1 7 _aتونس
942 _2ddc
_cBK
999 _c128270
_d128270